| 000 | 00000nam##2200000za#4500 |
| 001 | 9.601525 |
| 003 | CaOODSP |
| 005 | 20210624210120 |
| 007 | cr ||||||||||| |
| 008 | 150406|2003||||xxc|||||o f|0| 0 fre|d |
| 040 | |aCaOODSP|bfre |
| 043 | |an-cn--- |
| 086 | 1 |aYC33-1-0/372-8F-PDF |
| 110 | 1 |aCanada. |bParlement. |bSénat. |bSous-comité des anciens combattants. |
| 245 | 10|aPour rectifier la position des forces canadiennes concernant la mort ou la mutilation / |h[ressource électronique] |
| 246 | 3 |aRapport du Sous-comité des anciens combattants du Comité sénatorial permanent de la Sécurité nationale et de la défense |
| 260 | |aOttawa - Ontario : |bSénat. |cAvril 2003. |
| 300 | |a43p.|bphotographies |
| 490 | 1 |aRapport du Sous-comité des Anciens combattants|v37e législature, 2e session, [8e rapport] |
| 590 | |a11-12-Supp|b2011-07-29 |
| 775 | 08|tFixing the Canadian forces' method of dealing with death or dismemberment / |w(CaOODSP)9.570881 |
| 830 | #0|aRapport du Sous-comité des Anciens combattants ;|v37e législature, 2e session, [8e rapport]|w(CaOODSP)9.502811 |
| 856 | 40|ahttp://publications.gc.ca|qPDF|s347 Ko|uhttps://publications.gc.ca/collections/collection_2011/sen/yc33-1-0/YC33-1-0-372-8-fra.pdf|y37e législature, 2e session, [8e rapport] |